Normal view
MARC view
- عبدالمنعم،محمد يحيى
Entry Personal Name
001 - CONTROL NUMBER
- control field: 7623
003 - CONTROL NUMBER IDENTIFIER
- control field: JO-AjAnu
005 - DATE AND TIME OF LATEST TRANSACTION
- control field: 20230606071531.0
008 - FIXED-LENGTH DATA ELEMENTS
- fixed length control field: 230606|| aca||aabn | a|a d
040 ## - CATALOGING SOURCE
- Original cataloging agency: JO-AjAnu
- Transcribing agency: JO-AjAnu
100 ## - HEADING--PERSONAL NAME
- Personal name: عبدالمنعم،محمد يحيى
670 ## - SOURCE DATA FOUND
- Source citation: Work cat.: (JO-AjAnu)3942: عبدالمنعم،محمد يحيى, author, هؤلاء ملعونون في القرآن والسنة: منهم اليهود،أصحاب السبت،الكفار،المنافقون،المفسدون،الظالمون،الكاذبون،كاتم العلم،الراشي والمرتشي،السارق،آكل الربا،شارب الخمر،المحلل والمحلل له،لعن الرجل والديه،قتل المؤمن عمدا